000 00247nam a2200097Ia 4500
001 1250402
005 20251031150855.0
008 251031s9999 xx 000 0 und d
245 0 _cYAŞAR KEMAL
_aE-4 İNCE MEMED-1
260 _bYAPI KREDİ YAYINLARI
999 _c1250402
_d1250402